000 00305nam a22001337a 4500
008 170823b xxu||||| |||| 00| 0 eng d
020 _a2900073519455
041 _aeng
080 _a51
100 _a38
101 _aMAT
245 _aMATHEMATICS FOR ELEMENTARY TEACHERS
_cBENNETT,A.B
942 _2udc
_cBK
999 _c24634
_d24634